000 00797nam a22002417a 4500
005 20250409170744.0
008 250408b |||||||| |||| 00| 0 eng d
020 _a978-1793651709 (hbk)
037 _cTB
040 _aCRL
_cCRL
041 _2eng
_aeng
084 _aO111944,3(Y5927):g R3
_qCRL
100 _aIssar, Lucky
_9751951
245 _aExploring caste and sexuality in Indian English writing:
_bOutcast subcultures
260 _aLanham, Maryland:
_bLexington Books,
_c2023.
300 _avii, 288p.
365 _b88.00
_cUKP
650 _aEnglish Fiction
650 _aCaste
650 _aSex
_931676
942 _2CC
_cTB
_hO111944,3(Y5927):g R3
_n0
999 _c1308554
_d1308554